|
|
|
|
| LEADER |
000000am a2200000 a 4500 |
| 001 |
72222 |
| 005 |
20230308162954.0 |
| 008 |
000000|1948 ||||||||r|||||||||||spa|| |
| 040 |
|
|
|b spa
|
| 041 |
0 |
|
|a Es
|
| 082 |
0 |
|
|a 624
|b D712r
|
| 100 |
1 |
|
|a Derqui Morilla, Fernando.
|9 37830
|
| 245 |
1 |
1 |
|a Refuerzo de obras
|c Fernando Derqui Morilla
|h imp
|
| 264 |
|
|
|a Madrid
|b s.e.
|c 1948
|
| 300 |
|
|
|a vi; 203 páginas:
|b ilus.
|
| 650 |
1 |
|
|a Obras publicas
|9 17958
|
| 852 |
|
|
|a UC-CDJBV
|c ESTANTERIA CERRADA
|f Compra
|k mariana.quezada
|l 1
|m General
|p 00000000
|q 110,00
|t 72222
|b 0
|d CDRC
|e CDRC
|g 624 D712r ESTANTERIA CERRADA
|z 0000-00-00
|
| 942 |
|
|
|c BK
|
| 999 |
|
|
|c 20028
|d 20028
|